| 000 | 00723nam a2200241I 4500 | ||
|---|---|---|---|
| 001 | 19776 | ||
| 003 | BD-RjUL | ||
| 005 | 20211209000457.0 | ||
| 008 | 140225s1904 ii eng d | ||
| 035 | _a(BD-RjUL)19837 | ||
| 040 |
_cWSU _dm.c. _dBOS _aBD-RjUL _beng |
||
| 041 | _aeng | ||
| 082 | 0 | 0 |
_a821.8 _bBES 1904 |
| 090 |
_aPR5246 _bF04 |
||
| 100 | 1 |
_aBenson, Arthur Christopher, _d1862-1925. _955717 |
|
| 245 | 1 | 0 |
_aRossetti / _c Arthur Christopher, Benson |
| 260 |
_aNew York; _bThe Macmillan company : _aLondon ; _bMacmillan & co., ltd., _c1904. |
||
| 300 |
_a238 p.; _c23 cm. |
||
| 490 | 0 | _aEnglish men of letters. | |
| 600 | 1 | 0 |
_aRossetti, Dante Gabriel, _d1828-1882. _960771 |
| 942 |
_2ddc _cBK |
||
| 999 |
_c19776 _d19776 |
||